<?xml version="1.0" encoding="UTF-8"?>
<collection xmlns="http://www.loc.gov/MARC21/slim">
 <record>
  <leader>01273pamaa2200241   4500</leader>
  <controlfield tag="001">0000053209</controlfield>
  <controlfield tag="005">20141230090000.0</controlfield>
  <controlfield tag="008">1500103s2013                       eng  </controlfield>
  <datafield tag="020" ind1="0" ind2="0">
   <subfield code="a">9780198085416 (pbk.) </subfield>
  </datafield>
  <datafield tag="020" ind1="0" ind2="0">
   <subfield code="a">0198085419 (pbk.) </subfield>
  </datafield>
  <datafield tag="090" ind1="0" ind2="0">
   <subfield code="a">PN1992.94 </subfield>
   <subfield code="b">BEL 2013</subfield>
  </datafield>
  <datafield tag="100" ind1="1" ind2="0">
   <subfield code="a">Belavadi </subfield>
  </datafield>
  <datafield tag="245" ind1="1" ind2="0">
   <subfield code="a">Video production  </subfield>
   <subfield code="c">Vasuki Belavadi.</subfield>
  </datafield>
  <datafield tag="250" ind1="0" ind2="0">
   <subfield code="a">2nd ed.</subfield>
  </datafield>
  <datafield tag="260" ind1="0" ind2="0">
   <subfield code="a">New Delhi: </subfield>
   <subfield code="b">Oxford University Press, </subfield>
   <subfield code="c">2013.</subfield>
  </datafield>
  <datafield tag="300" ind1=" " ind2=" ">
   <subfield code="a">xv, 408 p., [4] p. of plates: </subfield>
   <subfield code="b">ill. (some col.); </subfield>
   <subfield code="c">25 cm.</subfield>
  </datafield>
  <datafield tag="500" ind1="0" ind2="0">
   <subfield code="a">Includes index</subfield>
  </datafield>
  <datafield tag="501" ind1="0" ind2="0">
   <subfield code="a">BITI</subfield>
  </datafield>
  <datafield tag="504" ind1="0" ind2="0">
   <subfield code="a">Includes bibliographical references and index</subfield>
  </datafield>
  <datafield tag="505" ind1="0" ind2="0">
   <subfield code="a">Visual language -- Video camera and systems -- Production personnel : roles and responsibilities -- Single-camera production : the process -- Elements of video production : scriptwriting -- Elements of video production : lighting -- Elements of video production : sound -- Elements of video production : editing -- Multi-media production -- Introduction to multi-camera production : the video studio -- Field production : ENG and EFP -- Video and broadcast technology</subfield>
  </datafield>
  <datafield tag="520" ind1=" " ind2=" ">
   <subfield code="a">System requirements for accompanying CD-ROM:Flash player; Adobe Acrobat reader</subfield>
  </datafield>
  <datafield tag="650" ind1="0" ind2="0">
   <subfield code="a">Video recordings -- </subfield>
   <subfield code="x">Production and direction </subfield>
  </datafield>
  <datafield tag="901" ind1=" " ind2=" ">
   <subfield code="u">http://www.oup.com</subfield>
  </datafield>
 </record>
</collection>
